000 00667nam a2200229Ia 4500
003 OSt
005 20220714150813.0
008 210716s2003 xx 000 0 und d
020 _a812190742X
040 _cAIMIT LIBRARY
041 _aeng
082 _a513
_21
_bAGGR
100 _aAggarwal, R S.
_949478
245 _aArithmetic:
_bsubjective and objective /
_cBy R S Aggarwal.
250 _a1st ed.
260 _aNew Delhi :
_bS Chand and Company Ltd ,
_c2003.
300 _a602p. ;
_c21 cm.
650 _aSquare root and cube root
_949479
650 _aRatio and proportion
_949480
650 _aPipes and cisterns
_949481
942 _2ddc
_cBK
_e1st
_k513 AGGR
999 _c185932
_d185932